000 00386nam a22001571a 4500
020 _a9788170162100
082 _aH301
_bMAN/D
100 _aMannu Bhandari
245 _aDus pratiniddhi kahaniyam/
_cby Mannu Bhandari
260 _aNew Delhi:
_bKitab Bhavan,
_c2001.
300 _a140p.
650 _aStories Hindi
650 _aLiterature Hindi
650 _aLiterature
942 _cBK
999 _c11492
_d11492